Manuál pre stanovenie spoločenskej hodnoty cestovného ruchu II. etapa – Určenie multiplikačných efektov cestovného ruchu z hľadiska celkového rozvoja vybraných územných jednotiek. Spracovanie metodiky stanovenia spoločenskej hodnoty cestovného ruchu a jej transformácia na vyjadrenie vo finančných jednotkách. Spracovanie manuálu stanovenia spoločenskej hodnoty cestovného ruchu.
Saved in:
| Main Author: | |
|---|---|
| Other Authors: | , , |
| Format: | Book |
| Language: | Slovak |
| Published: |
[Bratislava]
[s.n.]
[2013]
|
| Edition: | 1. vyd. |
| Subjects: | |
| Tags: |
No Tags, Be the first to tag this record!
|
MARC
| LEADER | 00000nlm a2200000 4500 | ||
|---|---|---|---|
| 001 | 0199656 | ||
| 005 | 20240502073400.6 | ||
| 041 | 0 | |a slo | |
| 044 | |a SK | ||
| 245 | 1 | 0 | |a Manuál pre stanovenie spoločenskej hodnoty cestovného ruchu |b II. etapa – Určenie multiplikačných efektov cestovného ruchu z hľadiska celkového rozvoja vybraných územných jednotiek. Spracovanie metodiky stanovenia spoločenskej hodnoty cestovného ruchu a jej transformácia na vyjadrenie vo finančných jednotkách. Spracovanie manuálu stanovenia spoločenskej hodnoty cestovného ruchu. |c zodpovedný riešiteľ projektu: Viola Šuterová, autorský kolektív: Anna Michálková, Viera Kubičková, Iveta Fodranová |
| 250 | |a 1. vyd. | ||
| 264 | 1 | |a [Bratislava] |b [s.n.] |c [2013] | |
| 300 | |a CD-ROM [26 s.] | ||
| 610 | 2 | 0 | |a ruch cestovný |
| 610 | 2 | 0 | |a politika ruchu cestovného |
| 610 | 2 | 0 | |a Slovensko |
| 100 | 1 | |a Šuterová, Viola, 1957- | |
| 700 | 1 | |a Michálková, Anna, 1968- | |
| 700 | 1 | |a Kubičková, Viera, 1970- | |
| 700 | 1 | |a Fodranová, Iveta, 1959- | |